Lie algebras and Lie groups
Furkejuvvon:
| Váldodahkki: | |
|---|---|
| Materiálatiipa: | Girji |
| Giella: | eaŋgalasgiella |
| Almmustuhtton: |
Nueva York
W. A. Benjamin
1965
|
| Fáttát: | |
| Fáddágilkorat: |
Lasit fáddágilkoriid
Eai fáddágilkorat, Lasit vuosttaš fáddágilkora!
|
MARC
| LEADER | 00000cam a2200000 a 4500 | ||
|---|---|---|---|
| 001 | UCQ8974 | ||
| 003 | CL-VaPUC | ||
| 008 | 981217e19650000US |||||||||||||||||eng|d | ||
| 082 | 0 | 4 | |a 512.55 |b SER |2 21 |
| 100 | 0 | |a Serre, Jean-Pierre |e author |9 423337 | |
| 245 | 1 | 0 | |a Lie algebras and Lie groups |
| 300 | |a pág. irreg | ||
| 942 | |c BK | ||
| 945 | |d 19981217 00:00:00 |a crobeson | ||
| 260 | |a Nueva York |b W. A. Benjamin |c 1965 | ||
| 650 | 0 | |a Álgebra de Lie |9 271226 | |
| 650 | 0 | |a Grupos de Lie |9 271231 | |
| 583 | |a last modification |c 20120814 11:54:33 |k Rodrigo Vera | ||
| 999 | |c 278138 |d 278136 | ||